Project management : (Record no. 345823)

000 -LEADER
fixed length control field 00652 a2200193 4500
020 ## - INTERNATIONAL STANDARD BOOK NUMBER
International Standard Book Number 8126509104
020 ## - INTERNATIONAL STANDARD BOOK NUMBER
International Standard Book Number 9788126509102
090 ## - LOCALLY ASSIGNED LC-TYPE CALL NUMBER (OCLC); LOCAL CALL NUMBER (RLIN)
-- 3340
-- 3340
100 1# - MAIN ENTRY--PERSONAL NAME
Personal name Meredith, Jr. Jack R.
245 10 - TITLE STATEMENT
Title Project management :
Remainder of title a managerial approach with cd /
Statement of responsibility, etc. Jr. Jack R. Meredith.
250 ## - EDITION STATEMENT
Edition statement 5th ed.
260 ## - PUBLICATION, DISTRIBUTION, ETC.
Place of publication, distribution, etc. [S.l.] :
Name of publisher, distributor, etc. Wiley,
Date of publication, distribution, etc. 2003.
300 ## - PHYSICAL DESCRIPTION
Extent 704 p.
500 ## - GENERAL NOTE
General note Paperback.
700 1# - ADDED ENTRY--PERSONAL NAME
Personal name Mantel, Samuel J.
856 40 - ELECTRONIC LOCATION AND ACCESS
Materials specified Amazon.com
Uniform Resource Identifier <a href="http://www.amazon.com/exec/obidos/ASIN/8126509104/chopaconline-20">http://www.amazon.com/exec/obidos/ASIN/8126509104/chopaconline-20</a>
856 40 - ELECTRONIC LOCATION AND ACCESS
Materials specified Amazon customer reviews
Uniform Resource Identifier <a href="http://www.chopac.org/cgi-bin/tools/azrev.pl?q=8126509104">http://www.chopac.org/cgi-bin/tools/azrev.pl?q=8126509104</a>
942 ## - ADDED ENTRY ELEMENTS (KOHA)
Institution code [OBSOLETE] NBS
Koha item type Book
Call number prefix 658.40422 MER
Holdings
Withdrawn status Lost status Damaged status Not for loan Permanent Location Current Location Date acquired Total Checkouts Full call number Barcode Date last seen Date last checked out Price effective from Koha item type
        Central Library (CL) Central Library (CL) 08/28/2013 1 658.40422 MER NBS7678 06/13/2016 01/25/2016 08/28/2013 Book
© 2023 Central Library, National University of Sciences and Technology. All Rights Reserved.